000 00344nam a22001457a 4500
005 20251210114801.0
008 251210b |||||||| |||| 00| 0 eng d
037 _cTB
040 _aAL
_cAL
041 _2ENG
_aENG
245 _aState lenin Library of the USSR
260 _c1989.
942 _2CC
_cTB
_n0
999 _c1466137
_d1466137